|
|
|
|
| LEADER |
00000nam a2200000 i 4500 |
| 001 |
115862 |
| 003 |
CZ-ZlUTB |
| 005 |
20260701093313.0 |
| 007 |
ta |
| 008 |
260311s2026 xr abche 001 0 cze |
| 015 |
|
|
|a cnb003744949
|
| 020 |
|
|
|a 978-80-200-3701-5
|q (vázáno)
|
| 040 |
|
|
|a ABA001
|b cze
|d BOA001
|e rda
|
| 043 |
|
|
|a e------
|a aw-----
|
| 072 |
|
7 |
|a 903
|x Pravěk
|2 Konspekt
|9 8
|
| 080 |
|
|
|a 930.85
|2 MRF
|
| 080 |
|
|
|a 903"634"
|2 MRF
|
| 080 |
|
|
|a 903"636"
|2 MRF
|
| 080 |
|
|
|a 903.2
|2 MRF
|
| 080 |
|
|
|a 94(=1:4)
|2 MRF
|
| 080 |
|
|
|a 94(4)
|2 MRF
|
| 080 |
|
|
|a (4)
|2 MRF
|
| 080 |
|
|
|a (5-15)
|2 MRF
|
| 080 |
|
|
|a (048.8)
|2 MRF
|
| 100 |
1 |
|
|a Turek, Jan,
|d 1970-
|7 kup19990000103296
|4 aut
|
| 245 |
1 |
0 |
|a První Evropané :
|b archeologie počátků evropské identity /
|c Jan Turek
|
| 246 |
3 |
0 |
|a Archeologie počátků evropské identity
|
| 250 |
|
|
|a Vydání první
|
| 264 |
|
1 |
|a Praha :
|b Academia,
|c 2026
|
| 300 |
|
|
|a 358 stran :
|b ilustrace (převážně barevné), mapy, portréty, faksimile ;
|c 24 cm
|
| 336 |
|
|
|a text
|b txt
|2 rdacontent
|
| 337 |
|
|
|a bez média
|b n
|2 rdamedia
|
| 338 |
|
|
|a svazek
|b nc
|2 rdacarrier
|
| 500 |
|
|
|a Chronologický přehled
|
| 500 |
|
|
|a Terminologický slovník
|
| 504 |
|
|
|a Obsahuje bibliografii a rejstřík
|
| 650 |
0 |
7 |
|a dějiny civilizace
|7 ph137927
|z Evropa
|2 czenas
|
| 650 |
0 |
7 |
|a dějiny civilizace
|7 ph137927
|z Blízký východ
|2 czenas
|
| 650 |
0 |
7 |
|a neolit
|7 ph137449
|z Evropa
|2 czenas
|
| 650 |
0 |
7 |
|a neolit
|7 ph137449
|z Blízký východ
|2 czenas
|
| 650 |
0 |
7 |
|a eneolit
|7 ph250074
|z Evropa
|2 czenas
|
| 650 |
0 |
7 |
|a eneolit
|7 ph250074
|z Blízký východ
|2 czenas
|
| 650 |
0 |
7 |
|a archeologické nálezy
|7 ph137683
|z Evropa
|2 czenas
|
| 650 |
0 |
7 |
|a archeologické nálezy
|7 ph137683
|z Blízký východ
|2 czenas
|
| 650 |
0 |
7 |
|a Evropané
|7 ph117544
|x dějiny
|2 czenas
|
| 650 |
0 |
9 |
|a history of civilization
|z Europe
|2 eczenas
|
| 650 |
0 |
9 |
|a history of civilization
|z Near East
|2 eczenas
|
| 650 |
0 |
9 |
|a neolithic period
|z Europe
|2 eczenas
|
| 650 |
0 |
9 |
|a neolithic period
|z Near East
|2 eczenas
|
| 650 |
0 |
9 |
|a eneolithic period
|z Europe
|2 eczenas
|
| 650 |
0 |
9 |
|a eneolithic period
|z Near East
|2 eczenas
|
| 650 |
0 |
9 |
|a antiquities
|z Europe
|2 eczenas
|
| 650 |
0 |
9 |
|a antiquities
|z Near East
|2 eczenas
|
| 650 |
0 |
9 |
|a Europeans
|x history
|2 eczenas
|
| 651 |
|
7 |
|a Evropa
|7 ge137210
|x dějiny
|2 czenas
|
| 651 |
|
9 |
|a Europe
|x history
|2 eczenas
|
| 655 |
|
7 |
|a monografie
|7 fd132842
|2 czenas
|
| 655 |
|
9 |
|a monographs
|2 eczenas
|
| 710 |
2 |
|
|a Academia (nakladatelství)
|7 ko2002101950
|4 pbl
|
| 910 |
|
|
|a ZLD002
|
| 942 |
|
|
|2 udc
|
| 952 |
|
|
|0 0
|1 0
|4 0
|6 930TUREKJ
|7 -1
|8 BOOK
|9 191723
|a UTBZL
|b UTBZL
|c 006
|d 2026-06-29
|l 0
|o 930/TUREK,J.
|p 420010202253
|r 2026-06-29 09:14:04
|v 550.00
|w 2026-06-29
|x N:nákup
|y 04
|
| 992 |
|
|
|a BK
|b SK
|
| 999 |
|
|
|c 115862
|d 115862
|